Research-scientific activities at the department of marketing and trade in 2010 and some options for its development

Saved in:
Bibliographic Details
Main Author: Pružinský, Michal, 1952-
Other Authors: Pčolinská, Lenka
Format: Book Chapter
Language:English
Tags: Add Tag
No Tags, Be the first to tag this record!

MARC

LEADER 00000naa$a2200000$$$4500
001 0146905
005 20240605074003.8
041 0 |a eng 
044 |a UA 
245 1 0 |a Research-scientific activities at the department of marketing and trade in 2010 and some options for its development  |c Michal Pružinský, Lenka Pčolinská 
100 1 |a Pružinský, Michal, 1952- 
700 1 |a Pčolinská, Lenka